| 000 | 00363nam a22001577a 4500 | ||
|---|---|---|---|
| 003 | SGT | ||
| 020 | _a9780198789246 | ||
| 082 |
_a616.12 _bE15G |
||
| 100 | _aGIELEN, STEPHAN | ||
| 245 | _aTHE ESC TB. OF PREVENTIVE CARDIOLOGY | ||
| 250 | _a1ST SA | ||
| 260 |
_aINDIA _bOXFORD UNIVERSITY PRESS _c2015 |
||
| 300 | _a351 | ||
| 650 | _aCARDIOLOGY | ||
| 942 |
_2ddc _cBK |
||
| 999 |
_c21784 _d21784 |
||